ბათუმის შოთა რუსთაველის სახელმწიფო უნივერსიტეტის ბიბლიოთეკა

Язык и культура. Лингво-страноведение в преподавании русского языка как иностранного (ბიბ.ჩანაწერი № 35008)

000 -LEADER
fixed length control field 00933nam a2200253Ia 4500
001 - CONTROL NUMBER
control field 846
003 - CONTROL NUMBER IDENTIFIER
control field GE_BSU
008 - FIXED-LENGTH DATA ELEMENTS--GENERAL INFORMATION
fixed length control field 181216s||||||||xx |||||||||||||| ||und||
020 ## - INTERNATIONAL STANDARD BOOK NUMBER
International Standard Book Number 520001764
040 ## - CATALOGING SOURCE
Transcribing agency GE_BSU
080 ## - UNIVERSAL DECIMAL CLASSIFICATION NUMBER
Universal Decimal Classification number 81:008
100 ## - MAIN ENTRY--PERSONAL NAME
Personal name Верещагин,Е.М.;Костомаров,В.Г.
245 ## - TITLE STATEMENT
Title Язык и культура. Лингво-страноведение в преподавании русского языка как иностранного
245 ## - TITLE STATEMENT
Remainder of title Методическое руководство
250 ## - EDITION STATEMENT
Edition statement 4-е изд-е,доп.
260 ## - PUBLICATION, DISTRIBUTION, ETC.
Place of publication, distribution, etc. Москва
260 ## - PUBLICATION, DISTRIBUTION, ETC.
Name of publisher, distributor, etc. Русский язык
260 ## - PUBLICATION, DISTRIBUTION, ETC.
Date of publication, distribution, etc. 1990
300 ## - PHYSICAL DESCRIPTION
Extent 247стр.
653 ## - INDEX TERM--UNCONTROLLED
Uncontrolled term Русский язык
653 ## - INDEX TERM--UNCONTROLLED
Uncontrolled term Язык и культура. Лингво-страноведение в преподавании русского языка как иностранного
942 ## - ADDED ENTRY ELEMENTS (KOHA)
Koha item type წიგნი
ეგზემპლარები
Withdrawn status Lost status Damaged status Not for loan Date acquired Barcode Date last seen Price effective from Koha item type
        2018-12-17 1691 2018-12-17 2018-12-17 წიგნი